000 00317 a2200145 4500
001 177141
020 _a
040 _cMagnum
100 _aCardoso, Leonardo Mendes
240 1 0 _aOs ouvidos de bolota
_lpor
245 1 0 _aOs ouvidos de bolota
362 0 _a1899
697 _aMAGNITO: I/PARADIDATICO
942 _cBK
999 _c177141
_d177141